[Event "East Lansing (MOR/2/37)"]
[Site "?"]
[Date "1995.??.??"]
[Round "?"]
[White "Pointer, Gilbert"]
[Black "Williams, Claude"]
[Result "1-0"]
[WhiteElo "1605"]
[BlackElo "1605"]
[PlyCount "69"]
[EventDate "1995.??.??"]

{2/(37)} 1. c4 f5 2. Nc3 Nf6 3. Nf3 g6 4. g3 Bg7 5. Bg2 d6 6. d3 O-O 7. O-O Nc6
8. Bg5 h6 9. Bd2 e5 10. a3 g5 11. b4 a6 12. Qb3 Kh8 13. Rac1 Qe8 14. b5 axb5
15. cxb5 Be6 16. Qb1 Ne7 17. a4 f4 18. Qb4 fxg3 19. fxg3 Nh5 20. Ne4 Qd7 21. a5
Bh3 22. Bxh3 Qxh3 23. Rxc7 Nd5 24. Qxd6 Nxc7 25. Qxc7 g4 26. Nf2 Qxf1+ 27. Kxf1
gxf3 28. Qxb7 Rab8 29. Qd5 Rbd8 30. Qe6 fxe2+ 31. Kxe2 Rf6 32. Qh3 Rdf8 33. Be3
Rf3 34. Qxh5 R8f5 35. Qxf3 1-0

[Event "East Lansing (MOR/4/9)"]
[Site "?"]
[Date "1995.??.??"]
[Round "?"]
[White "Pointer, Gilbert"]
[Black "Rotberg, Victor"]
[Result "0-1"]
[WhiteElo "1605"]
[BlackElo "1795"]
[PlyCount "88"]
[EventDate "1995.??.??"]

{4/(9)} 1. c4 Nf6 2. Nc3 e5 3. Nf3 Nc6 4. g3 d6 5. Bg2 Be7 6. O-O O-O 7. a3 Be6
8. d3 h6 9. b4 Qc8 10. b5 Nb8 11. Nd2 Bh3 12. Nce4 Bxg2 13. Nxf6+ Bxf6 14. Kxg2
c6 15. Ne4 Be7 16. a4 d5 17. Nc3 Qe6 18. Qb3 d4 19. Ne4 f5 20. Nd2 c5 21. Ba3
Nd7 22. Qc2 Nf6 23. Nb3 b6 24. f3 Nh5 25. Bc1 Qg6 26. Bd2 Bd6 27. Be1 Nf4+ 28.
Kh1 Nh3 29. a5 Qh5 30. axb6 axb6 31. Rxa8 Rxa8 32. Qc1 Ra2 33. Qd1 Ng5 34. Nd2
Qh3 35. Rg1 h5 36. Qb1 Ra8 37. Qc1 Ne6 38. Bf2 Ra2 39. Rg2 Be7 40. Qe1 Bg5 41.
Nf1 h4 42. g4 Nf4 43. Rg1 Rxe2 44. gxf5 Qxf3+ 0-1

[Event "Gaylord (NMO/5/13)"]
[Site "?"]
[Date "1995.??.??"]
[Round "?"]
[White "Pierson, John"]
[Black "Vangilder, W."]
[Result "1-0"]
[WhiteElo "1605"]
[BlackElo "1605"]
[PlyCount "101"]
[EventDate "1995.??.??"]

{5/(13)} 1. d4 d5 2. e4 dxe4 3. Nc3 Nf6 4. f3 exf3 5. Nxf3 Bg4 6. h3 Bxf3 7.
Qxf3 c6 8. Be3 e6 9. O-O-O Be7 10. Kb1 O-O 11. Bd3 Bb4 12. Ne4 Nxe4 13. Qxe4 g6
14. Bh6 Nd7 15. Bxf8 Bxf8 16. h4 Nf6 17. Qf4 Bg7 18. c3 Nd5 19. Qf3 Qb6 20. Kc2
Qc7 21. h5 Rf8 22. hxg6 fxg6 23. Qh3 Rf2+ 24. Rd2 Rxd2+ 25. Kxd2 Qf4+ 26. Ke2
Nf6 27. Qxe6+ Kh8 28. Qc8+ Ng8 29. Bxg6 h6 30. Rf1 Qg5 31. Qf5 Qxf5 32. Bxf5
Nf6 33. Kd3 Kg8 34. Re1 Nd5 35. Be6+ Kf8 36. Bxd5 cxd5 37. c4 dxc4+ 38. Kxc4
Bf6 39. Re6 Kf7 40. Kd5 Bxd4 41. Re2 Bf6 42. Kd6 h5 43. Kc7 Kg6 44. Kxb7 Kg5
45. Kxa7 Kg4 46. b4 Kg3 47. b5 h4 48. Ka6 Bd4 49. b6 Bc5 50. b7 Bd6 51. Ka7 1-0

[Event "Gaylord (NMO/4/16)"]
[Site "?"]
[Date "1995.??.??"]
[Round "?"]
[White "Pierson, John"]
[Black "Rosebrook, G."]
[Result "1-0"]
[WhiteElo "1605"]
[BlackElo "1605"]
[PlyCount "61"]
[EventDate "1995.??.??"]

{4/(16)} 1. d4 Nf6 2. Nc3 d6 3. e4 g6 4. Bg5 Bg7 5. Qd2 Nc6 6. O-O-O a6 7. Bc4
e6 8. Nf3 Qd7 9. Rhe1 h6 10. Bxf6 Bxf6 11. Qf4 Qe7 12. e5 dxe5 13. dxe5 Nxe5
14. Rxe5 g5 15. Qd4 g4 16. Qxg4 Bd7 17. Nd5 Qd8 18. Nxf6+ Qxf6 19. Qd4 O-O-O
20. Ra5 Qxd4 21. Rxd4 Rhg8 22. g3 Kb8 23. Ne5 Kc8 24. Nxd7 Rxd7 25. Rxd7 Kxd7
26. Rh5 Rg6 27. Bd3 Rf6 28. f4 Kd6 29. Kd2 c6 30. c4 b6 31. c5+ 1-0

[Event "Grand Rapids (MI Am/1/38)"]
[Site "?"]
[Date "1995.??.??"]
[Round "?"]
[White "Pierson, John"]
[Black "Marson, Michael"]
[Result "0-1"]
[WhiteElo "1605"]
[BlackElo "1605"]
[PlyCount "70"]
[EventDate "1995.??.??"]

{1/(38)} 1. d4 Nf6 2. Nc3 e6 3. e4 d5 4. e5 Nfd7 5. Nf3 c5 6. Be3 cxd4 7. Bxd4
Bb4 8. Bd3 Nc6 9. Bb5 Nxd4 10. Qxd4 Qa5 11. O-O Bxc3 12. Bxd7+ Bxd7 13. bxc3
Rc8 14. Rfb1 b6 15. Rb3 O-O 16. Qd3 Rc7 17. Ng5 g6 18. Qh3 h5 19. g4 Rfc8 20.
gxh5 Rxc3 21. Qh4 R8c4 22. f4 Rxc2 23. Re1 Rxf4 24. Qxf4 Qxe1+ 25. Qf1 Qxf1+
26. Kxf1 gxh5 27. Rh3 Bb5+ 28. Kg1 Be2 29. Rg3 Kf8 30. a3 Bg4 31. Nh7+ Ke7 32.
Nf6 Re2 33. Nxg4 hxg4 34. Rxg4 Rxe5 35. h4 Re4 0-1

[Event "Grand Rapids (MI Am/3/43)"]
[Site "?"]
[Date "1995.??.??"]
[Round "?"]
[White "Pierson, John"]
[Black "Klein, N."]
[Result "1-0"]
[WhiteElo "1605"]
[BlackElo "1605"]
[PlyCount "49"]
[EventDate "1995.??.??"]

{3/(43)} 1. d4 d5 2. e4 dxe4 3. Nc3 Nf6 4. f3 Nc6 5. Bb5 Bd7 6. fxe4 a6 7. Bxc6
Bxc6 8. d5 Bb5 9. Nf3 g6 10. Bg5 Bg7 11. a4 Bd7 12. O-O h6 13. Bxf6 Bxf6 14. e5
Bg7 15. Qe2 O-O 16. e6 fxe6 17. dxe6 Bxc3 18. bxc3 Bc6 19. Ne5 Rxf1+ 20. Rxf1
Bxa4 21. Qe4 Qe8 22. Rf7 Kh8 23. Qxg6 Qg8 24. Qxh6+ Qh7 25. Qxh7# 1-0

[Event "Gaylord (NMO/2/17)"]
[Site "?"]
[Date "1995.??.??"]
[Round "?"]
[White "Pierson, John"]
[Black "Falkner, J."]
[Result "0-1"]
[WhiteElo "1605"]
[BlackElo "1605"]
[PlyCount "52"]
[EventDate "1995.??.??"]

{2/(17)} 1. d4 Nf6 2. Nc3 g6 3. e4 d5 4. e5 Ne4 5. Nxe4 dxe4 6. f3 exf3 7. Nxf3
Bg4 8. h3 Bxf3 9. Qxf3 c6 10. c3 e6 11. Bc4 Bg7 12. O-O O-O 13. Qg3 Nd7 14. Bg5
Qb6 15. Rf2 Rac8 16. Rf6 Nxf6 17. Bxf6 c5 18. Bxg7 Kxg7 19. Qf4 f5 20. exf6+
Rxf6 21. Qe5 cxd4 22. Rf1 dxc3+ 23. Kh2 Qc7 24. Qxc7+ Rxc7 25. b3 Rxf1 26. Bxf1
c2 0-1

[Event "Grand Rapids (MI Am/5/38)"]
[Site "?"]
[Date "1995.??.??"]
[Round "?"]
[White "Pierson, John"]
[Black "Caminata, A."]
[Result "1-0"]
[WhiteElo "1605"]
[BlackElo "1605"]
[PlyCount "63"]
[EventDate "1995.??.??"]

{5/(38)} 1. d4 Nf6 2. Nc3 d5 3. e4 dxe4 4. f3 exf3 5. Nxf3 c6 6. Bc4 e6 7. Bg5
h6 8. Bxf6 Qxf6 9. O-O Nd7 10. Ne5 Qg5 11. Nxf7 Qh4 12. Nxh8 Bd6 13. h3 Qg3 14.
Qh5+ Kd8 15. Nf7+ Kc7 16. Nxd6 Qxd6 17. Rae1 Qxd4+ 18. Kh1 Qxc4 19. Rf7 b6 20.
Rxg7 Qf4 21. Qe5+ Qxe5 22. Rxe5 Kd6 23. Rh5 b5 24. Ne4+ Kc7 25. Rxh6 Kb6 26.
Rh8 Nc5 27. Nxc5 Kxc5 28. Rgg8 e5 29. Rxc8 Rxc8 30. Rxc8 e4 31. Rd8 e3 32. Kg1
1-0

[Event "East Lansing (MOR/4/25)"]
[Site "?"]
[Date "1995.??.??"]
[Round "?"]
[White "Piasecki, Vince"]
[Black "Sundeen, David"]
[Result "1-0"]
[WhiteElo "1605"]
[BlackElo "1710"]
[PlyCount "87"]
[EventDate "1995.??.??"]

{4/(25)} 1. c4 Nf6 2. g3 g6 3. Bg2 Bg7 4. Nc3 O-O 5. e4 d6 6. Nge2 c5 7. d3 Nc6
8. O-O a6 9. Rb1 Rb8 10. b3 Bd7 11. Bb2 b5 12. Nd5 e5 13. Qd2 b4 14. f4 exf4
15. Qxf4 Nxd5 16. exd5 Ne5 17. Qd2 Bf5 18. Be4 Bh3 19. Bg2 Qd7 20. d4 Bxg2 21.
Kxg2 Ng4 22. dxc5 Bh6 23. Nf4 Ne5 24. Qd4 Bg7 25. cxd6 Qf5 26. Rbe1 f6 27. Ne6
Qd3 28. Qa7 Bh6 29. Nxf8 Rxf8 30. Bxe5 fxe5 31. Rxf8+ Bxf8 32. Rf1 Qe2+ 33. Kg1
Bxd6 34. Qf7+ Kh8 35. Qe8+ Kg7 36. Qd7+ Kh6 37. Qxd6 Qe3+ 38. Kg2 Qe2+ 39. Rf2
Qe4+ 40. Kh3 Kh5 41. Qe6 Qd4 42. g4+ Kh6 43. Qf6 Qe3+ 44. Kh4 1-0

[Event "East Lansing (MOR/6/25)"]
[Site "?"]
[Date "1995.??.??"]
[Round "?"]
[White "Piasecki, Vince"]
[Black "Richter, William"]
[Result "1-0"]
[WhiteElo "1605"]
[BlackElo "1605"]
[PlyCount "83"]
[EventDate "1995.??.??"]

{6/(25)} 1. c4 c5 2. g3 Nc6 3. Bg2 g6 4. Nc3 Bg7 5. e3 Nh6 6. Nge2 O-O 7. O-O
d6 8. Rb1 Bg4 9. f3 Bf5 10. e4 Bd7 11. d3 Qc8 12. Nd5 e6 13. Ndc3 a6 14. Be3
Nd4 15. Qd2 Nhf5 16. exf5 Nxf5 17. Bf2 Rb8 18. g4 Nd4 19. Nxd4 cxd4 20. Ne2 e5
21. b4 b6 22. Ng3 f5 23. gxf5 gxf5 24. Nh5 f4 25. Nxg7 Kxg7 26. Bh4 Qe8 27. Bh1
Kh8 28. Kf2 Qh5 29. Be7 Rf7 30. Bxd6 Qh4+ 31. Ke2 Re8 32. Kd1 Ba4+ 33. Kc1 Qf6
34. c5 Rc8 35. Kb2 bxc5 36. bxc5 Rb7+ 37. Ka1 Rxb1+ 38. Rxb1 e4 39. fxe4 f3 40.
Rf1 Rg8 41. Bxf3 Bd7 42. e5 1-0

[Event "East Lansing (MOR/7/15)"]
[Site "?"]
[Date "1995.??.??"]
[Round "?"]
[White "Piasecki, Vince"]
[Black "Horton, Deon"]
[Result "0-1"]
[WhiteElo "1605"]
[BlackElo "1795"]
[PlyCount "56"]
[EventDate "1995.??.??"]

{7/(15)} 1. c4 Nf6 2. g3 e5 3. Bg2 Bc5 4. Nc3 c6 5. e3 O-O 6. Nge2 d5 7. cxd5
Nxd5 8. O-O Be6 9. a3 a5 10. d4 Nxc3 11. bxc3 Bc4 12. Bb2 Be7 13. Qc2 Nd7 14.
Rfd1 Qb6 15. Rd2 a4 16. Be4 h6 17. Bf5 Rfd8 18. f4 Bf6 19. fxe5 Nxe5 20. Kf2
Bb3 21. Qc1 Nc4 22. Rd3 Qb5 23. Nf4 Qxf5 24. Rb1 g5 25. e4 Qxe4 26. Nh5 Qxd3
27. Nxf6+ Kg7 28. Qe1 Qf5+ 0-1

[Event "East Lansing (MOR/2/23)"]
[Site "?"]
[Date "1995.??.??"]
[Round "?"]
[White "Piasecki, Vince"]
[Black "Helzer, J."]
[Result "1-0"]
[WhiteElo "1605"]
[BlackElo "1605"]
[PlyCount "93"]
[EventDate "1995.??.??"]

{2/(23)} 1. c4 Nf6 2. g3 g6 3. Bg2 Bg7 4. Nc3 O-O 5. e3 c5 6. Nge2 Nc6 7. O-O
d6 8. d4 Bf5 9. e4 Bg4 10. f3 Bd7 11. Rb1 Qb6 12. Be3 Ne8 13. Nd5 Qa6 14. dxc5
Qxc4 15. b3 Qa6 16. Qd2 e6 17. Ndc3 Nb4 18. Rfd1 Bb5 19. Nxb5 Qxb5 20. a4 Qa6
21. Rbc1 Rd8 22. Bf1 Nc6 23. Nd4 Qa5 24. Nxc6 Qxd2 25. Rxd2 bxc6 26. cxd6 Rxd6
27. Rxd6 Nxd6 28. Bxa7 f5 29. Rxc6 Nb7 30. Rxe6 Rc8 31. Bc4 Kf8 32. e5 Na5 33.
Bd5 g5 34. Ra6 Nxb3 35. Bxb3 Bxe5 36. Be3 Rc3 37. Ra8+ Kg7 38. Rg8+ Kh6 39.
Bxg5+ Kh5 40. g4+ fxg4 41. fxg4+ Kxg4 42. Bd2+ Kh5 43. Bd1+ Kh4 44. Bxc3 h5 45.
Bxe5 Kh3 46. Rg3+ Kh4 47. Bf6# 1-0

[Event "Grand Rapids (MI Am/3/34)"]
[Site "?"]
[Date "1995.??.??"]
[Round "?"]
[White "Phalen, Michael"]
[Black "Van Dorp, J."]
[Result "1-0"]
[WhiteElo "1605"]
[BlackElo "1605"]
[PlyCount "120"]
[EventDate "1995.??.??"]

{3/(34)} 1. e4 e5 2. Nf3 Nc6 3. Bc4 Nh6 4. d3 Bc5 5. Bg5 f6 6. Bxh6 gxh6 7. Ng5
Rg8 8. Qh5+ Rg6 9. Nxh7 Ne7 10. Nxf6+ Kf8 11. Nh7+ Kg7 12. Qxe5+ Kxh7 13. Qxc5
Rg5 14. Qe3 d6 15. h3 Bd7 16. Qf3 Qe8 17. Nc3 c6 18. O-O-O d5 19. exd5 cxd5 20.
Bxd5 Nxd5 21. Nxd5 Bc6 22. Nf6+ Kh8 23. Nxe8 Bxf3 24. gxf3 Rxe8 25. Rde1 Rf8
26. Re3 Rg2 27. Re6 Rxf3 28. Rxh6+ Kg7 29. Rh4 Rfxf2 30. Rg4+ Kf6 31. Rxg2 Rxg2
32. h4 Rg6 33. Kd2 b5 34. Ke3 Ke5 35. h5 Rh6 36. d4+ Kf5 37. d5 Ke5 38. Rh4
Kxd5 39. Kf4 Ke6 40. Kg5 Rh8 41. Kg6 Rg8+ 42. Kh7 Rg2 43. h6 Ke5 44. Rh5+ Kd6
45. Rxb5 Kc6 46. Rb8 Kc5 47. Kh8 a5 48. h7 Kc4 49. Rg8 Rxc2 50. Rc8+ Kd3 51.
Rxc2 Kxc2 52. Kg8 Kxb2 53. h8=Q+ Kxa2 54. Qe5 a4 55. Qe1 a3 56. Qc1 Kb3 57.
Qb1+ Kc3 58. Qa2 Kb4 59. Kf7 Ka4 60. Ke6 Kb4 1-0

[Event "Grand Rapids (MI Am/5/29)"]
[Site "?"]
[Date "1995.??.??"]
[Round "?"]
[White "Phalen, Michael"]
[Black "Parent, S."]
[Result "1-0"]
[WhiteElo "1605"]
[BlackElo "1605"]
[PlyCount "21"]
[EventDate "1995.??.??"]

{5/(29)} 1. e4 c5 2. Nf3 e6 3. d4 cxd4 4. Nxd4 d6 5. Nc3 e5 6. Nf3 b6 7. Nd5
Ne7 8. Bc4 f5 9. Ng5 h6 10. Qh5+ g6 11. Nf6# 1-0

[Event "Grand Rapids (MI Am/2/24)"]
[Site "?"]
[Date "1995.??.??"]
[Round "?"]
[White "Phalen, Michael"]
[Black "Hater, David"]
[Result "0-1"]
[WhiteElo "1605"]
[BlackElo "1925"]
[PlyCount "74"]
[EventDate "1995.??.??"]

{2/(24)} 1. e4 e5 2. Nf3 Nc6 3. Bc4 Bc5 4. O-O Nf6 5. d3 d6 6. Bg5 Bg4 7. h3
Bh5 8. g4 Bg6 9. Nc3 Qd7 10. Bxf6 gxf6 11. Nd5 O-O-O 12. Nxf6 Qe7 13. Nd5 Qf8
14. c3 h5 15. g5 Ne7 16. Qb3 Nxd5 17. Bxd5 c6 18. Bc4 b5 19. Bxb5 cxb5 20. Qxb5
Qe7 21. d4 Bxe4 22. Qe2 Bxf3 23. Qxf3 Qxg5+ 24. Qg3 Qxg3+ 25. fxg3 exd4 26.
cxd4 Bxd4+ 27. Kg2 Rde8 28. Rac1+ Kb8 29. Rxf7 Re2+ 30. Kf1 Rxb2 31. a4 Bc5 32.
Ra1 Rg8 33. Rc1 Rb3 34. g4 Rxh3 35. gxh5 Rh2 36. Rb1+ Ka8 37. h6 Rg1# 0-1

[Event "East Lansing (MEX/2/4)"]
[Site "?"]
[Date "1995.??.??"]
[Round "?"]
[White "Perry, R."]
[Black "Ronneberg, E."]
[Result "0-1"]
[WhiteElo "2070"]
[BlackElo "2225"]
[PlyCount "72"]
[EventDate "1995.??.??"]

{2/(4)} 1. e4 e6 2. d4 d5 3. exd5 exd5 4. Bd3 Nc6 5. c3 Bd6 6. h3 Qf6 7. Qc2
Nge7 8. Nf3 Bf5 9. Bg5 Qg6 10. Bxf5 Nxf5 11. g4 Nfxd4 12. Nxd4 Qxg5 13. Nxc6
bxc6 14. Nd2 O-O 15. O-O-O Rfe8 16. Rde1 Bf4 17. Kd1 Bxd2 18. Qxd2 Qxd2+ 19.
Kxd2 c5 20. Kd3 Kf8 21. b4 cxb4 22. cxb4 Rab8 23. a3 a5 24. Rc1 axb4 25. axb4
Rxb4 26. Rxc7 Rf4 27. Rc2 g6 28. Re2 Rf3+ 29. Re3 Rxf2 30. Rxe8+ Kxe8 31. Ke3
Ra2 32. g5 Ke7 33. Kd4 Ke6 34. Re1+ Kf5 35. Re5+ Kf4 36. Rxd5 Rd2+ 0-1

[Event "East Lansing (MEX/1/8)"]
[Site "?"]
[Date "1995.??.??"]
[Round "?"]
[White "Perry, R."]
[Black "Mills, J."]
[Result "1-0"]
[WhiteElo "2070"]
[BlackElo "2215"]
[PlyCount "81"]
[EventDate "1995.??.??"]

{1/(8)} 1. e4 c6 2. d4 d5 3. exd5 cxd5 4. Bd3 g6 5. Ne2 Bg7 6. Be3 Nh6 7. c3
Nc6 8. h3 Bf5 9. g4 Bxd3 10. Qxd3 f6 11. Nf4 Qd7 12. Qb5 e6 13. c4 a6 14. Qa4
g5 15. Nh5 O-O 16. Nc3 b5 17. cxb5 axb5 18. Qxb5 Rab8 19. Qe2 e5 20. dxe5 d4
21. Rd1 Qb7 22. exf6 Bxf6 23. Nxf6+ Rxf6 24. Ne4 Rff8 25. Bxg5 d3 26. Rxd3 Ne5
27. Rb3 Qc6 28. Rxb8 Rxb8 29. O-O Nhf7 30. Bf4 Rb4 31. f3 Ng6 32. Qe1 Rc4 33.
Bd2 Rc2 34. Bc3 Nfe5 35. Qd1 Qb6+ 36. Kh1 Qb5 37. Qd8+ Kg7 38. Qf6+ Kg8 39. Rd1
Rh2+ 40. Kg1 Rh1+ 41. Kxh1 1-0

[Event "East Lansing (MEX/5/8)"]
[Site "?"]
[Date "1995.??.??"]
[Round "?"]
[White "Pence, Mark"]
[Black "Zaremba, Andrei"]
[Result "0-1"]
[WhiteElo "2120"]
[BlackElo "2000"]
[PlyCount "100"]
[EventDate "1995.??.??"]

{5/(8)} 1. Nf3 g6 2. g3 Bg7 3. Bg2 d5 4. d4 Nf6 5. O-O O-O 6. c4 Bf5 7. Nc3 c6
8. Ne5 Nbd7 9. cxd5 Nxe5 10. dxe5 Nxd5 11. Nxd5 cxd5 12. Bxd5 Bxe5 13. Qb3 Rb8
14. Rd1 Qa5 15. Bd2 Qa6 16. Bh6 Bg7 17. Bxg7 Kxg7 18. Qe3 Qf6 19. Rd2 b6 20.
Rad1 Rbc8 21. Bb3 Rc5 22. f3 Rfc8 23. Qf4 e5 24. Qe3 Rc1 25. Rxc1 Rxc1+ 26. Kg2
e4 27. f4 Rb1 28. h3 h5 29. Qc3 Qxc3 30. bxc3 e3 31. Rd4 Rb2 32. Kf3 Bxh3 33.
Kxe3 Bg4 34. Rd2 Rxd2 35. Kxd2 f6 36. e4 g5 37. Ke3 h4 38. gxh4 gxh4 39. e5
fxe5 40. fxe5 h3 41. Bd5 h2 42. a3 Be6 43. Be4 Bf5 44. Bh1 Kf7 45. Bd5+ Be6 46.
Bh1 Bb3 47. Kf4 Ke6 48. Kg3 Bd5 49. Kxh2 Bxh1 50. Kxh1 Kxe5 0-1

[Event "East Lansing (MEX/1/6)"]
[Site "?"]
[Date "1995.??.??"]
[Round "?"]
[White "Pence, Mark"]
[Black "Ward, Tom"]
[Result "1/2-1/2"]
[WhiteElo "2120"]
[BlackElo "2215"]
[PlyCount "140"]
[EventDate "1995.??.??"]

{1/(6)} 1. Nf3 Nf6 2. g3 e6 3. Bg2 Be7 4. O-O O-O 5. d4 d5 6. Nbd2 Nbd7 7. Re1
b6 8. c4 c6 9. e4 dxe4 10. Nxe4 Nxe4 11. Rxe4 Bb7 12. Re1 Nf6 13. Ne5 Qc8 14.
Be3 c5 15. Bxb7 Qxb7 16. dxc5 Bxc5 17. Bxc5 bxc5 18. b3 Rfd8 19. Qe2 Rd4 20.
Rad1 Rad8 21. Rxd4 cxd4 22. Qd3 Qc7 23. a3 Ne8 24. b4 f6 25. Nf3 Qd7 26. c5 Nc7
27. Nd2 e5 28. Ne4 Ne8 29. Qc4+ Qd5 30. Qxd5+ Rxd5 31. Rc1 f5 32. Nd2 e4 33. c6
Nc7 34. a4 Kf7 35. Kf1 Ke7 36. b5 g5 37. Nb3 Kd6 38. Na5 Ne6 39. c7 Nxc7 40.
Rc6+ Kd7 41. Rh6 d3 42. Ke1 f4 43. Rxh7+ Kc8 44. Nc6 e3 45. fxe3 fxe3 46. Re7
d2+ 47. Kd1 Rc5 48. Rxe3 Nd5 49. Rf3 Nc3+ 50. Kxd2 Nxa4 51. Rf7 a5 52. Rf5 Rxf5
53. Ne7+ Kc7 54. Nxf5 Kb6 55. Nd4 g4 56. Nb3 Kxb5 57. Nxa5 Kxa5 58. Ke3 Kb6 59.
Kf4 Kc7 60. Kxg4 Kd7 61. Kg5 Ke7 62. Kg6 Kf8 63. Kh7 Nc5 64. g4 Ne6 65. h4 Kf7
66. g5 Nf8+ 67. Kh6 Ng6 68. h5 Nf4 69. g6+ Kg8 70. Kg5 Nxh5 1/2-1/2

[Event "East Lansing (MEX/3/10)"]
[Site "?"]
[Date "1995.??.??"]
[Round "?"]
[White "Pence, Mark"]
[Black "Fuller, William"]
[Result "1-0"]
[WhiteElo "2120"]
[BlackElo "2000"]
[PlyCount "77"]
[EventDate "1995.??.??"]

{3/(10)} 1. Nf3 d5 2. g3 Nc6 3. d4 Nf6 4. Bg2 Bg4 5. Ne5 Bf5 6. Nxc6 bxc6 7. c4
Qd7 8. Nc3 e6 9. O-O Be7 10. f3 c5 11. cxd5 exd5 12. Be3 cxd4 13. Bxd4 c5 14.
Bxf6 Bxf6 15. Qxd5 Qxd5 16. Nxd5 Bxb2 17. Rad1 Rc8 18. Rd2 Ba3 19. Rfd1 c4 20.
e4 Be6 21. Nc3 Ke7 22. f4 f6 23. f5 Bf7 24. Rd7+ Ke8 25. Rb7 Bc5+ 26. Kf1 Rf8
27. g4 Rd8 28. Ke2 h5 29. h3 hxg4 30. hxg4 Rh8 31. Rxd8+ Kxd8 32. Rb8+ Ke7 33.
Rxh8 Kd6 34. Rf8 Ke7 35. Rc8 Bb6 36. Kd2 Be8 37. Nd5+ Kd7 38. Nxb6+ axb6 39.
Rb8 1-0

[Event "East Lansing (MOR/7/2)"]
[Site "?"]
[Date "1995.??.??"]
[Round "?"]
[White "Peiter, H."]
[Black "Wright, Walter"]
[Result "1-0"]
[WhiteElo "1605"]
[BlackElo "1605"]
[PlyCount "117"]
[EventDate "1995.??.??"]

{7/(2)} 1. e4 d6 2. d4 Nf6 3. Nc3 c6 4. Be3 g6 5. Be2 Bg7 6. f4 e6 7. Nf3 Nbd7
8. O-O O-O 9. a4 a6 10. Qd2 Ng4 11. a5 Ndf6 12. h3 Nxe3 13. Qxe3 h6 14. Bd3 Nd7
15. e5 d5 16. b4 b6 17. axb6 Nxb6 18. Qe2 Qc7 19. Na4 a5 20. Nxb6 Qxb6 21. Ra4
Bd7 22. Rfa1 Qc7 23. Rxa5 Rxa5 24. Rxa5 f6 25. Bxg6 fxe5 26. fxe5 Qd8 27. c3
Be8 28. Bxe8 Qxe8 29. Qd3 Qh5 30. Ra6 Qe8 31. Kh2 Qf7 32. Qe3 Rc8 33. Kg1 Qf5
34. Ra1 Rf8 35. Rf1 Qc2 36. Qd2 Qe4 37. Re1 Qf5 38. Rf1 Qe4 39. Qe1 Qc2 40. Rf2
Qd3 41. Qd2 Qe4 42. Re2 Qf5 43. Qc2 Qf4 44. c4 h5 45. cxd5 cxd5 46. b5 Qg3 47.
Qd3 Bh6 48. b6 Rc8 49. Rc2 Ra8 50. Qd1 Be3+ 51. Kh1 Rb8 52. Qb1 Qg7 53. Rb2
Bxd4 54. Nxd4 Qxe5 55. Nc6 Qd6 56. Nxb8 Qxb8 57. Qg6+ Kf8 58. Qf6+ Kg8 59.
Qxe6+ 1-0

[Event "Detroit (MI Action/2/9)"]
[Site "?"]
[Date "1995.??.??"]
[Round "?"]
[White "Peiter, H."]
[Black "Scales, H."]
[Result "0-1"]
[WhiteElo "1605"]
[BlackElo "1660"]
[PlyCount "72"]
[EventDate "1995.??.??"]

{2/(9)} 1. e4 e5 2. Nf3 Nc6 3. Bb5 a6 4. Bxc6 dxc6 5. O-O Bg4 6. d3 Qf6 7. Bg5
Qg6 8. Nbd2 Bd6 9. Bh4 h6 10. c3 Qe6 11. Qc2 g5 12. Bg3 O-O-O 13. h3 Bh5 14. b4
g4 15. hxg4 Bxg4 16. a4 Nf6 17. Rfe1 Nh5 18. Rab1 Rdg8 19. Bh2 Qf6 20. Kf1 Qg6
21. g3 f5 22. exf5 Qxf5 23. Nh4 Qf7 24. Nc4 Bh3+ 25. Kg1 Qd5 26. Ne3 Qf7 27. c4
e4 28. dxe4 Qe7 29. Nef5 Bxf5 30. Nxf5 Qg5 31. b5 Be5 32. Rb3 Qg4 33. Ne7+ Kb8
34. Nxg8 Rxg8 35. Rd3 Nf4 36. Rb3 Qh3 0-1

[Event "East Lansing (MOR/3/11)"]
[Site "?"]
[Date "1995.??.??"]
[Round "?"]
[White "Peiter, H."]
[Black "Moore, Robert"]
[Result "1-0"]
[WhiteElo "1605"]
[BlackElo "1700"]
[PlyCount "143"]
[EventDate "1995.??.??"]

{3/(11)} 1. e4 c5 2. Nf3 d6 3. d4 cxd4 4. Nxd4 Nf6 5. Nc3 a6 6. Be2 e6 7. Be3
Be7 8. a4 O-O 9. O-O Qc7 10. Nb3 Nc6 11. f4 b6 12. Qe1 Bb7 13. Qf2 Bd8 14. Bf3
Nb4 15. Rad1 Rc8 16. Rd4 Nc6 17. Rd2 Ne7 18. Rfd1 d5 19. e5 Nd7 20. Nd4 Nc5 21.
Bg4 Nc6 22. Nb3 Nxb3 23. cxb3 Na5 24. b4 Nc4 25. Rd4 Nxb2 26. Rc1 Nc4 27. b5 a5
28. Ne2 Be7 29. Rdd1 Bc5 30. Bd4 Bxd4 31. Nxd4 Qe7 32. Qg3 Nb2 33. f5 exf5 34.
Nxf5 Qg5 35. h4 Qd8 36. Rxc8 Bxc8 37. Rxd5 Qc7 38. Nh6+ Kh8 39. Bxc8 Qc1+ 40.
Kh2 Qxh6 41. Rd6 Qc1 42. Rc6 Qd2 43. e6 fxe6 44. Bxe6 h6 45. Rd6 Qf4 46. Qxf4
Rxf4 47. Kg3 Rf6 48. Rxb6 Nxa4 49. Ra6 Nc5 50. Ra8+ Kh7 51. Ba2 Ne4+ 52. Kh3
Nf2+ 53. Kh2 Ng4+ 54. Kg3 Ne3 55. h5 Nf5+ 56. Kh3 g5 57. Bb1 Kg7 58. Bxf5 Rxf5
59. Rxa5 Rc5 60. Ra7+ Kf6 61. b6 Rb5 62. b7 Kf5 63. Ra6 Rxb7 64. Rxh6 Rb3+ 65.
Kh2 g4 66. Rg6 Rb8 67. Kg3 Rh8 68. Kh4 g3 69. Rxg3 Kf4 70. Rg7 Kf5 71. Rf7+ Ke6
72. Rf1 1-0

[Event "Eastpointe (MCO/5/6)"]
[Site "?"]
[Date "1995.??.??"]
[Round "?"]
[White "Peiter, H."]
[Black "Lou, M."]
[Result "0-1"]
[WhiteElo "1900"]
[BlackElo "2255"]
[PlyCount "68"]
[EventDate "1995.??.??"]

{5/(6)} 1. e4 c6 2. d4 d5 3. e5 Bf5 4. Be3 e6 5. c4 Ne7 6. Nc3 dxc4 7. Bxc4 Nd7
8. Nge2 Nb6 9. Bb3 Ned5 10. O-O Be7 11. Ng3 Bg6 12. Qe2 h5 13. f3 a5 14. Rac1
a4 15. Bc2 Bxc2 16. Rxc2 Nc4 17. Nxd5 cxd5 18. f4 h4 19. Nh1 g6 20. Nf2 Kf8 21.
Nh3 Kg7 22. Rfc1 Qb6 23. Ng5 Ra5 24. Bd2 Qxd4+ 25. Kh1 Rb5 26. Bc3 Qb6 27. Nf3
Bc5 28. Be1 Be3 29. Bxh4 Rxh4 30. Nxh4 Bxc1 31. Rxc1 Rxb2 32. Qe1 Rxa2 33. h3
Qf2 34. Qxf2 Rxf2 0-1

[Event "Eastpointe (MCO/1/23)"]
[Site "?"]
[Date "1995.??.??"]
[Round "?"]
[White "Peiter, H."]
[Black "Keeley, G."]
[Result "1-0"]
[WhiteElo "1900"]
[BlackElo "1605"]
[PlyCount "39"]
[EventDate "1995.??.??"]

{1/(23)} 1. e4 e5 2. Nf3 Nc6 3. Bc4 Bc5 4. c3 Nf6 5. d4 exd4 6. cxd4 Bb4+ 7.
Nc3 Nxe4 8. O-O Nf6 9. Re1+ Ne7 10. Qb3 Bxc3 11. Bxf7+ Kf8 12. bxc3 d5 13. Ba3
Ne4 14. Bxd5 Nd6 15. Be6 b6 16. Ng5 h6 17. Nf7 Nxf7 18. Bxf7 c5 19. dxc5 Bb7
20. c6 1-0

[Event "Detroit (MI Action/5/15)"]
[Site "?"]
[Date "1995.??.??"]
[Round "?"]
[White "Peiter, H."]
[Black "Goode, Randy"]
[Result "1-0"]
[WhiteElo "1605"]
[BlackElo "1605"]
[PlyCount "70"]
[EventDate "1995.??.??"]

{5/(15)} 1. e4 e5 2. Nf3 Nc6 3. Bc4 Bc5 4. c3 d6 5. d4 Bb6 6. dxe5 dxe5 7.
Qxd8+ Nxd8 8. Nxe5 Nc6 9. Nxf7 Na5 10. Bd5 c6 11. Nd6+ Kd7 12. Bxg8 Rxg8 13.
Nxc8 Raxc8 14. Nd2 Rgf8 15. O-O Bc7 16. b4 Rf6 17. bxa5 Rh6 18. h3 Bxa5 19. Nb3
Bxc3 20. Bxh6 Bxa1 21. Rxa1 gxh6 22. f4 c5 23. Rc1 c4 24. Na5 b5 25. g4 Rf8 26.
f5 h5 27. Nxc4 bxc4 28. Rxc4 hxg4 29. hxg4 Rg8 30. e5 Rg5 31. Kf2 h5 32. Rd4+
Kc6 33. Rd6+ Kc5 34. Rg6 Rxg4 35. Rxg4 hxg4 1-0

[Event "Detroit (MI Action/4/8)"]
[Site "?"]
[Date "1995.??.??"]
[Round "?"]
[White "Peiter, H."]
[Black "Gentry, Loyd"]
[Result "0-1"]
[WhiteElo "1605"]
[BlackElo "1610"]
[PlyCount "66"]
[EventDate "1995.??.??"]

{4/(8)} 1. e4 c5 2. Nf3 Nc6 3. d4 cxd4 4. Nxd4 e6 5. Nc3 Nf6 6. Nxc6 bxc6 7. e5
Nd5 8. Ne4 Be7 9. f4 Bb7 10. Be2 Qb6 11. c4 Ne3 12. Bxe3 Qxe3 13. Nd6+ Bxd6 14.
Qxd6 Qxf4 15. g3 Qe4 16. Rf1 Ba6 17. Rd1 Rd8 18. b3 h5 19. Kf2 h4 20. g4 h3 21.
Bf3 Qf4 22. Kg1 Bc8 23. Rd4 Qg5 24. Qc7 Qe3+ 25. Kh1 Qxd4 26. Qa5 c5 27. Qxa7
Qxe5 28. a3 O-O 29. b4 cxb4 30. axb4 d5 31. cxd5 exd5 32. b5 Qb2 33. b6 Bxg4
0-1